000
00262nam a2200097Ia 4500
001
1206444
005
20251017121543.0
008
250824s9999 xx 000 0 und d
245
0
_a
SEN YOLA ÇIK YOL SANA GÖRÜNÜR
_c
HAKAN MENGÜÇ
260
_b
DESTEK YAYINLARI
999
_c
1206444
_d
1206444